000 00820nam a22002293a 4500
005 20210223124416.0
008 011001s1996 mx fr 000 0 spa d
020 _a9682982898
035 _aUPN01000112322
049 _aCG
050 4 _aHT384 M6
_bA3.3
100 1 _aAguilar Martínez, Adrián Guillermo
_939437
245 1 4 _aLas ciudades intermedias y el desarrollo regional de México /
_cAdrián Guillermo Aguilar, Boris Graizbord, Alvaro Sánchez Crispín.
260 _aMéxico :
_bCNCA :
_bUNAM, Centro de Geografía :
_bEl Colegio de México,
_c1996.
300 _a403 p.
440 0 _aRegiones
650 4 _aCIUDADES Y PUEBLOS -
_zMEXICO
_95884
650 4 _aCIUDADES Y PUEBLOS -
_xCRECIMIENTO
_98021
700 1 _aGraizbord, Boris,
_ecoaut.
700 1 _aSánchez Crispín, Alvaro,
_ecoaut.
905 _aLibro
999 _c86230
_d86230